1104 1203 1739 1234 1656 1258 1177 1500 1541 1040 1845 1530 1591 1967 1390 1465 1113 1528 1371 1009 1756 1607 1063 1684 1022 1028 1440 1289 1925 1632 1122 1810 1765 1087 1101 1162 1364 1791 1876 1032 1199 1765 1619 1671 1310 1859 1399 1668 1007 1299 1854 1966 1230 1646 1231 1004 1739 1070 1824 1902 1042 1566 1429 1606 1991 1545 1367 1061 1267 1704 1385 1929 1477 1482 1739 1434 1143 1224 1234 1009 1736 1067 1065 1701 1836 1831 1113 1345 1758 1891 1210 1278 1324 1927 1333 1783 1491 1172 1980 BCNSPRNW ULIB Ver.6.0+V

เปลี่ยนเป็นภาษาไทย

Change to English
 แสดงรายละเอียดบรรณานุกรม
  กลับหน้าหลัก

Brief Record : Get Marc (ISO 2709) : E-mail record : QR code < ปิดหน้าต่าง
LEADER : 00000nam 2200000uu 4500
001    13399125776
003     ULIB
008    170831s2557||||th 000 0 tha d
020    ^a9786163616838
060    ^aQW545 ส241S
100    ^aสมชาย เอี่ยมอ่อง และยิ่งยศ อวิหิงสานนท์
245    ^aSLE โรคลูปัส Systemic Lupus Erythematosus
250    ^aพิมพ์ครั้งที่ 2
260    ^aกรุงเทพฯ :^bเท็กซ์ แอนด์ เจอร์นัล พับลิเคชั่น,^c2557
300    ^a759 หน้า
650    ^aโรคลูปัส
650    ^aSystemic Lupus Erythematosus
650    ^aSLE
945    ^p0^l0^i003194
999    ^aประนอม เกษจรัล
รายการนี้ยังไม่มีแท็ก
คุณยังไม่ได้ล็อกอิน คุณสามารถมีกิจกรรมร่วมกับเว็บไซต์ได้ แต่ต้องล็อกอินก่อน ::
  ล็อกอิน

รายการสื่อสารสนเทศ

ลำดับที่ ประเภท เลขเรียก/บาร์โค้ด สถานที่ สถานะ
1. วิทยาศาสตร์การแพทย์ และสุขภาพ
วิทยาศาสตร์การแพทย์ และสุขภาพ
สถานะ=หนังสือเก่า
QW545 ส241S ฉ.1 
  Barcode: 003194
ห้องสมุดวิทยาเขตสวรรค์ประชารักษ์
►ส่วนจัดเก็บหนังสือเก่า สปร
บนชั้น
  ขอยืม

รายการใกล้เคียง
    ชื่อเรื่อง [SLE โรคลูปัส Systemic Lupus Erythematosus]

    ผู้แต่ง [สมชาย เอี่ยมอ่อง และยิ่งยศ อวิหิงสานนท์]

    หัวเรื่อง [โรคลูปัส]
    หัวเรื่อง [Systemic Lupus Erythematosus]
    หัวเรื่อง [SLE]

BibComment


ยังไม่เคยถูกคอมเมนท์

คอมเมนท์ทรัพยากรรายการนี้
  คอมเมนท์: SLE โรคลูปัส Sys..


 Copyright 2026. Bcnsprnw @Library